| 000 | 00507cam a2200181 a 4500 | ||
|---|---|---|---|
| 020 | _a069725836X (pbk.) | ||
| 040 | _cDLC | ||
| 082 | 0 | 0 | _a781 BRO 1996 A087 Or. |
| 100 | 1 | _aWhite, Gary C., | |
| 245 | 1 | 0 | _aMusic first! / |
| 250 | _a3rd ed. | ||
| 260 |
_aMadison, [Wis.] : _bBrown & Benchmark, _cc1996. |
||
| 300 |
_axi, 238, 82 p. : _bill. ; _c28 cm. + _e2 sound cassettes (analog) |
||
| 500 | _aOne chart on folded leaf in pocket. | ||
| 500 | _aIncludes index. | ||
| 650 | 0 | _aMusic theory | |
| 942 | _cEK | ||
| 999 |
_c14404 _d14404 |
||